000
00227 a2200097 4500
001
32595
100
_a
Colby, W
245
_a
Honorable Men my life in the CIA
260
_a
New york
_b
Simon & Schuster
_c
090
_c
21811
_d
21811
942
_a
NUST-CAE
_c
M
_c
13127
999
_c
267668
_d
267668